Leadership and corporate governance : ITC, Shaw Wallace, Thermax, Wipro, Zee telefilms (Record no. 187642)

MARC details
000 -LEADER
fixed length control field 00554nam a2200169Ia 4500
008 - FIXED-LENGTH DATA ELEMENTS--GENERAL INFORMATION
fixed length control field 231217s9999 xx 000 0 und d
020 ## - INTERNATIONAL STANDARD BOOK NUMBER
International Standard Book Number 8180000000000
041 ## - LANGUAGE CODE
Language code of text/sound track or separate title English
082 ## - DEWEY DECIMAL CLASSIFICATION NUMBER
Classification number 658.4 VED;1 R
100 ## - MAIN ENTRY--PERSONAL NAME
Personal name Vedpuriswar, A V ed.
245 #0 - TITLE STATEMENT
Title Leadership and corporate governance : ITC, Shaw Wallace, Thermax, Wipro, Zee telefilms
260 ## - PUBLICATION, DISTRIBUTION, ETC.
Date of publication, distribution, etc. 2002
Name of publisher, distributor, etc. Icfai
Place of publication, distribution, etc. Hyderabad
300 ## - PHYSICAL DESCRIPTION
Extent xiv, 182+xiv
400 ## - SERIES STATEMENT/ADDED ENTRY--PERSONAL NAME [OBSOLETE, CAN/MARC], [LOCAL, USA]
Personal name Case study series
650 ## - SUBJECT ADDED ENTRY--TOPICAL TERM
Topical term or geographic name entry element Leadership,corporate,governance,ITC,,Shaw,Wallace,,Thermax,,Wipro,,Zee,telefilms
942 ## - ADDED ENTRY ELEMENTS (KOHA)
Koha item type Books
Holdings
Date last seen Total checkouts Full call number Accession number Cost, total (INR) price Price effective from Category Public note Lost status Damaged status Department Withdrawn status Home library Current library Shelving location Entry date Vendor Cost, normal purchase price Grants Billnumber Billdate Currency symbol Conversion rate Discount Old discount
26/01/2024   658.4 VED;1 R 64149 38.00 26/01/2024 Books 64149     Central Library   Central Library Central Library Central Library 04/08/2010 ICFAI Press 38.00 MBA 1993 25/02/2014 RS 1    
26/01/2024   658.4 VED;2 R1 64150 38.00 26/01/2024 Books 64150     F-Block Annex   Central Library Central Library F-Block Library Annex 04/08/2010 ICFAI Press 38.00 MBA 1993 25/02/2014 RS 1    
26/01/2024   658.4 VED;3 71450 38.00 26/01/2024 Books 71450     Central Library   Central Library Central Library Central Library 02/12/2010 ICFAI Press 38.00 MBA 1993 22/01/2015 RS 1    

© For any Suggestions or Query, please contact the library staff @ librarian@pes.edu or Phone: +9180 2672 1983/ 2108.